Biblioteka Instytutu Północnego w Olsztynie

Widok standardowy Widok MARC

Pozycja Personal Name

Liczba rekordów, w których użyto hasła: 1

001 - Numer kontrolny

  • control field: 40149

003 - Identyfikator numeru kontrolnego

  • control field: NUKAT

005 - Data i czas ostatniej modyfikacji

  • control field: 20260416111124.0

008 - Dane kontrolne kodowane (40 znaków)

  • fixed length control field: 980717n||aaznnbabn |a ana |c

010 ## - Numer kontrolny Biblioteki Kongresu

  • numer kontrolny LC: s 01356390

040 ## - Instytucja sporządzająca rekord

  • inst. przygot. dane do rek. khw: GD U/EP
  • język haseł przedmiotowych/tezaurus: kaba
  • inst. wprow. rek. khw: GD U
  • inst. modyf. rek. khw: WA U/MM

100 0# - Hasło - nazwa osobowa

  • nazwa osobowa w formie ujednoliconej: Stefan Wyszyński
  • dopowiedzenie inne niż daty biograficzne: (błogosławiony ;
  • daty biograficzne: 1901-1981)
  • określnik formy/nie używ.: korespondencja.
Biblioteka Instytutu Północnego, ul. Partyzantów 87, 10-402 Olsztyn, email: biblioteka(at)ip.olsztyn.pl